000 00561cam a2200217 4500
001 M94210
008 090401t1959 xxu||||| |||| 00| 0 eng d
035 _a(Sirsi) u88825
041 _aeng
110 _aEngland and Wales
_bLands Tribunal
_91252
245 _aBell (Valuation Officer) v The Borough of Colne.
260 _bLands Tribunal
_c1959
300 _a4p. ; 30cm.
350 _a0
650 _aCONTRACTORS BASIS
650 _aPUBLIC TOILETS
650 _aValuation
_96273
690 _aRATING AND VALUATION
942 _n0
948 _c05/10/1998
999 _c97384
_d97384